000 00887nam a2200301Ia 4500
003 OSt
005 20221007124003.0
006 a|||||r|||| 00| 0
007 ta
008 221006b |||||||| |||| 00| 0 eng d
020 _a8122405703 (pbk)
024 _a83550
037 _cTextbook
040 _aCDL
_cCDL
_beng
041 _2eng
_aeng
082 _aE5:28, N1;N4;14-;15 Carc
100 _aNasipuri D
245 0 _aStereochemistry of organic compounds: Principles and applications
250 _a2
260 _aNew
_bDelhi New Age International
_c1994
300 _axxiii, 564p.
_ccm.
500 _aIncludes bibliographical references.; Index 545-564p.
650 _a Organic compounds
650 _a Stereochemistry
650 _aChemistry
942 _hE5:28, N1;N4;14-;15 Carc
_cTB
_2CC
999 _c1212757
_d1212757